| 000 | 01325nam a22001937a 4500 | ||
|---|---|---|---|
| 999 |
_c63881 _d63881 |
||
| 003 | Ge_BSU | ||
| 005 | 20260211143948.0 | ||
| 008 | 260211s1976 ge ||||| |||| 00| 0 geo d | ||
| 041 | _ageo | ||
| 080 | _a331.101.3 ჩ-96 | ||
| 100 |
_aჩხარტიშვილი, სანდრო _925595 |
||
| 245 |
_aთანამედროვეობის კეთილშობილური მოძრაობა : _b[შრომისადმი კომუნისტური დამოკიდებულ.] / _cსანდრო ჩხარტიშვილი; ივ. ჯავახიშვილის სახ. ისტორიის, არქეოლოგიისა და ეთნოგრაფიის ინ-ტი. |
||
| 264 |
_aთბილისი : _bმეცნიერება, _c1976. |
||
| 300 |
_a51 გვ. ; _b21 სმ. |
||
| 490 | _aმეცნიერულ-პოპულარული სერია | ||
| 653 | _aშრომისადმი კომუნისტური დამოკიდებულება | ||
| 710 |
_aივ. ჯავახიშვილის სახ. ისტორიის, არქეოლოგიისა და ეთნოგრაფიის ინ-ტი. _926875 |
||
| 942 |
_2udc _cᲬᲘᲒᲜᲘ |
||